[Event "CRO Cup"]
[Site "Mali Losinj"]
[Date "2017.05.11"]
[Round "3.5"]
[White "Dutina, Dario"]
[Black "Zubak, Milan"]
[Result "1-0"]
[WhiteElo "2285"]
[BlackElo "1895"]
[PlyCount "25"]
[EventDate "2017.05.10"]
[EventType "team-swiss"]
[EventRounds "6"]
[EventCountry "CRO"]
[SourceTitle "CBM 178 Extra"]
[Source "ChessBase"]
[SourceDate "2017.06.22"]
[SourceVersion "1"]
[SourceVersionDate "2017.06.22"]
[SourceQuality "1"]
[WhiteTeam "Sesvete"]
[BlackTeam "Nasice Slavonac"]
[WhiteTeamCountry "CRO"]
[BlackTeamCountry "CRO"]

1. e4 e5 2. Nf3 Nc6 3. Bb5 Bc5 4. 0-0 Qf6 5. c3 Nge7 6. d4 exd4 7. Re1 dxc3 8. Nxc3 Nd4 9. Nxd4 Bxd4 10. Qe2 0-0 11. e5 Qg6 12. Bd3 Qe6 13. Qe4 1-0

[Event "CRO Cup"]
[Site "Mali Losinj"]
[Date "2016.05.05"]
[Round "3.94"]
[White "Zubak, Milan"]
[Black "Music, Tomislav"]
[Result "0-1"]
[WhiteElo "1932"]
[BlackElo "2060"]
[PlyCount "74"]
[EventDate "2016.05.04"]
[EventType "team-swiss"]
[EventRounds "6"]
[EventCountry "CRO"]
[SourceTitle "CBM 172 Extra"]
[Source "ChessBase"]
[SourceDate "2016.06.21"]
[SourceVersion "1"]
[SourceVersionDate "2016.06.21"]
[SourceQuality "1"]
[WhiteTeam "Nasice Slavonac"]
[BlackTeam "Dubrovnik"]
[WhiteTeamCountry "CRO"]
[BlackTeamCountry "CRO"]

1. d4 f5 2. c4 Nf6 3. Nc3 e6 4. e3 Be7 5. g3 0-0 6. Bg2 d6 7. Nf3 Qe8 8. 0-0 Nbd7 9. b3 c6 10. h3 d5 11. cxd5 exd5 12. Bb2 Bd6 13. Ne2 Ne4 14. Nf4 g5 15. Nd3 Qh5 16. Nfe5 Qxd1 17. Raxd1 Nxe5 18. Nxe5 Be6 19. Bxe4 fxe4 20. Kg2 Bxe5 21. dxe5 Rf3 22. Ba3 b6 23. Bd6 c5 24. Rc1 Kf7 25. Rc2 Rc8 26. Rfc1 Bd7 27. Rd2 Ke6 28. Rcd1 Bc6 29. Kg1 h5 30. Kg2 Rg8 31. Kh2 Rg7 32. Kg2 Rgf7 33. Kg1 h4 34. gxh4 Rxh3 35. hxg5 Rg7 36. Kg2 Rh5 37. f4 exf3+ 0-1

[Event "CRO-chT2 Ost"]
[Site "Croatia"]
[Date "2015.10.25"]
[Round "10.16"]
[White "Katic, Zeljko"]
[Black "Zubak, Milan"]
[Result "1/2-1/2"]
[WhiteElo "2023"]
[BlackElo "1929"]
[PlyCount "62"]
[EventDate "2015.04.25"]
[EventType "team-tourn"]
[EventRounds "11"]
[EventCountry "CRO"]
[SourceTitle "EXT 2016"]
[Source "ChessBase"]
[SourceDate "2015.10.08"]
[SourceVersion "1"]
[SourceVersionDate "2015.10.08"]
[SourceQuality "1"]

1. Nf3 d5 2. b3 c5 3. Bb2 Nc6 4. e3 e6 5. Bb5 Qc7 6. Ne5 Bd7 7. Bxc6 Bxc6 8. f4 Nf6 9. 0-0 Be7 10. d3 0-0 11. Nd2 Rad8 12. Qe2 a6 13. a4 Nd7 14. Nxc6 Qxc6 15. Nf3 Nf6 16. Rae1 Qb6 17. Ba3 Qc7 18. Kh1 h6 19. h3 b5 20. axb5 axb5 21. Ra1 Ra8 22. Bb2 Qb6 23. Qf2 Kh7 24. g3 Qb7 25. Kh2 Rxa1 26. Rxa1 Ra8 27. Rxa8 Qxa8 28. Qe1 b4 29. Qa1 Qxa1 30. Bxa1 Nd7 31. Bb2 Nf6 1/2-1/2

[Event "CRO-chT2 Ost"]
[Site "Croatia"]
[Date "2015.10.17"]
[Round "8.16"]
[White "Zagorscak, Dino"]
[Black "Zubak, Milan"]
[Result "1/2-1/2"]
[WhiteElo "1728"]
[BlackElo "1929"]
[PlyCount "63"]
[EventDate "2015.04.25"]
[EventType "team-tourn"]
[EventRounds "11"]
[EventCountry "CRO"]
[SourceTitle "EXT 2016"]
[Source "ChessBase"]
[SourceDate "2015.10.08"]
[SourceVersion "1"]
[SourceVersionDate "2015.10.08"]
[SourceQuality "1"]

1. e4 e5 2. Nf3 Nc6 3. Nc3 d6 4. d4 exd4 5. Nxd4 Bd7 6. Be2 Nf6 7. Be3 Be7 8. 0-0 0-0 9. Qd2 a6 10. a3 Re8 11. f3 Nxd4 12. Bxd4 Be6 13. Rad1 Qc8 14. Rfe1 h6 15. Bd3 Nd7 16. Nd5 Ne5 17. Nxe7+ Rxe7 18. Bxe5 dxe5 19. Qc3 f6 20. Bc4 Bxc4 21. Qxc4+ Qe6 22. Qxe6+ Rxe6 23. Rd7 Rc6 24. c3 Kf8 25. Red1 Re8 26. Kf2 Re7 27. Rxe7 Kxe7 28. Ke3 Rd6 29. Rd3 Rb6 30. b4 Rd6 31. c4 Rxd3+ 32. Kxd3 1/2-1/2

[Event "CRO-chT2 Ost"]
[Site "Croatia"]
[Date "2015.05.10"]
[Round "6.16"]
[White "Benes, Miodrag"]
[Black "Zubak, Milan"]
[Result "1/2-1/2"]
[WhiteElo "1967"]
[BlackElo "1921"]
[PlyCount "65"]
[EventDate "2015.04.25"]
[EventType "team-tourn"]
[EventRounds "11"]
[EventCountry "CRO"]
[SourceTitle "EXT 2016"]
[Source "ChessBase"]
[SourceDate "2015.10.08"]
[SourceVersion "1"]
[SourceVersionDate "2015.10.08"]
[SourceQuality "1"]

1. d4 d5 2. g3 e6 3. Bg2 Nf6 4. Nf3 c5 5. e3 cxd4 6. exd4 Nc6 7. c3 Be7 8. 0-0 0-0 9. Re1 h6 10. Bf4 Ne4 11. Nbd2 Nxd2 12. Qxd2 Bd6 13. Bxd6 Qxd6 14. Ne5 Nxe5 15. dxe5 Qb6 16. Rad1 Bd7 17. Re2 Rac8 18. Qd4 Qxd4 19. Rxd4 Bb5 20. Red2 Bc6 21. h4 a6 22. h5 Rfd8 23. Re2 Bb5 24. Red2 Bc4 25. a3 Bb3 26. f4 Rc4 27. Kf2 Kf8 28. Ke3 Ke7 29. Bf1 Rc7 30. Rb4 Bc4 31. Bxc4 dxc4 32. Rxd8 Kxd8 33. Rb6 1/2-1/2

[Event "CRO-chT2 East"]
[Site "Croatia"]
[Date "2014.05.10"]
[Round "4.51"]
[White "Brkic, Ante"]
[Black "Zubak, Milan"]
[Result "1-0"]
[WhiteElo "2562"]
[BlackElo "1922"]
[PlyCount "45"]
[EventDate "2014.04.26"]
[EventType "team-tourn"]
[EventRounds "11"]
[EventCountry "CRO"]
[SourceTitle "EXT 2019"]
[Source "ChessBase"]
[SourceDate "2018.10.10"]
[SourceVersion "1"]
[SourceVersionDate "2018.10.10"]
[SourceQuality "1"]

1. e4 e5 2. Nf3 Nc6 3. Bc4 d6 4. 0-0 Be7 5. a4 Nf6 6. d3 0-0 7. a5 a6 8. Re1 Bg4 9. h3 Bxf3 10. Qxf3 Nd4 11. Qd1 Qd7 12. c3 Ne6 13. Nd2 h6 14. Nf3 Nh7 15. d4 exd4 16. cxd4 Qd8 17. Qb3 Qc8 18. e5 Nhg5 19. Nxg5 Bxg5 20. Bxg5 Nxd4 21. Qd3 dxe5 22. Bxh6 gxh6 23. Qg6+ 1-0

[Event "Osijek-ch op"]
[Site "Osijek"]
[Date "2012.02.24"]
[Round "4"]
[White "Zubak, Milan"]
[Black "Djaic, Kristijan"]
[Result "0-1"]
[WhiteElo "1936"]
[BlackElo "1750"]
[PlyCount "48"]
[EventDate "2012.02.23"]
[EventType "swiss"]
[EventRounds "7"]
[EventCountry "CRO"]
[SourceTitle "EXT 2013"]
[Source "ChessBase"]
[SourceDate "2012.11.22"]
[SourceVersion "1"]
[SourceVersionDate "2012.11.22"]
[SourceQuality "1"]

1. d4 d5 2. c4 c6 3. Nc3 Nf6 4. e3 Bf5 5. Nf3 h6 6. Be2 e6 7. 0-0 Nbd7 8. b3 Bd6 9. h3 Ne4 10. Bb2 Ng5 11. Nxg5 Qxg5 12. f4 Qh4 13. Bg4 g6 14. cxd5 exd5 15. Na4 Rg8 16. Rc1 Nf6 17. Bxf5 gxf5 18. Rf3 Rc8 19. Nc5 Rc7 20. Nd3 Ne4 21. Bc3 f6 22. Be1 Qh5 23. Kh2 Rcg7 24. Rc2 Ng5 0-1

[Event "Osijek-ch op"]
[Site "Osijek"]
[Date "2012.02.23"]
[Round "1"]
[White "Medak, Bojan"]
[Black "Zubak, Milan"]
[Result "1-0"]
[WhiteElo "2376"]
[BlackElo "1936"]
[PlyCount "53"]
[EventDate "2012.02.23"]
[EventType "swiss"]
[EventRounds "7"]
[EventCountry "CRO"]
[SourceTitle "EXT 2013"]
[Source "ChessBase"]
[SourceDate "2012.11.22"]
[SourceVersion "1"]
[SourceVersionDate "2012.11.22"]
[SourceQuality "1"]

1. c4 c5 2. Nf3 Nc6 3. Nc3 a6 4. d4 cxd4 5. Nxd4 g6 6. e4 Bg7 7. Be3 Nf6 8. Be2 0-0 9. 0-0 d6 10. Rc1 Nd7 11. Qd2 Nde5 12. h3 Nxd4 13. Bxd4 Nc6 14. Be3 Qa5 15. b3 Be6 16. Rfd1 Rac8 17. Na4 Qxd2 18. Rxd2 Ne5 19. Nb6 Rcd8 20. Nd5 Nc6 21. f4 f5 22. Nc7 Bc8 23. exf5 gxf5 24. Bf3 e6 25. Nxa6 bxa6 26. Bxc6 Bf6 27. Bb6 1-0

[Event "Osijek-ch op"]
[Site "Osijek"]
[Date "2012.02.23"]
[Round "2"]
[White "Zubak, Milan"]
[Black "Martinovic, Josip"]
[Result "1-0"]
[WhiteElo "1936"]
[BlackElo "1556"]
[PlyCount "87"]
[EventDate "2012.02.23"]
[EventType "swiss"]
[EventRounds "7"]
[EventCountry "CRO"]
[SourceTitle "EXT 2013"]
[Source "ChessBase"]
[SourceDate "2012.11.22"]
[SourceVersion "1"]
[SourceVersionDate "2012.11.22"]
[SourceQuality "1"]

1. d4 d5 2. c4 e6 3. Nc3 Nf6 4. e3 Be7 5. Bd3 Nbd7 6. Nf3 0-0 7. 0-0 dxc4 8. Bxc4 b6 9. Qe2 Bb7 10. b3 c5 11. Bb2 Qc7 12. h3 cxd4 13. Nb5 Qc8 14. Nbxd4 Nc5 15. Rac1 Rd8 16. b4 Nce4 17. a3 Nd6 18. Bxe6 Qb8 19. Bb3 Rc8 20. Ne5 Rxc1 21. Rxc1 Qd8 22. Rd1 Nd7 23. Ndf3 Qc7 24. Nxd7 Qxd7 25. Ne5 Qf5 26. f3 Bc8 27. Bd5 Bb7 28. e4 Qf4 29. Nc6 Bh4 30. e5 Nf5 31. e6 fxe6 32. Qxe6+ Kh8 33. Bc1 Qc7 34. b5 Rf8 35. Qe4 Be7 36. Nxe7 Bxd5 37. Nxd5 Qc5+ 38. Kh2 Qxb5 39. Qb4 Qe8 40. Qe4 Qb5 41. Nf4 Nh6 42. Ne6 Re8 43. Bxh6 gxh6 44. Qd4+ 1-0